Schránky pod tlakom letákov

Objem neadresnej distribúcie sa na Slovensku medziročne zvyšuje a rovnaký trend sa očakáva aj v najbližšej budúcnosti. Využívanie geomarketingu. Spoločné schránky - prekážka mailingu.

Salvato in:
Dettagli Bibliografici
Autore principale: Môciková, Renata
Natura: Capitolo di libro
Lingua:slovacco
Soggetti:
Tags: Aggiungi Tag
Nessun Tag, puoi essere il primo ad aggiungerne!!

MARC

LEADER 00000naa a2200000 4500
001 r048650
005 20230929113719.1
041 0 |a slo 
044 |a SK 
245 1 0 |a Schránky pod tlakom letákov  |c Renata Môciková 
520 |a Objem neadresnej distribúcie sa na Slovensku medziročne zvyšuje a rovnaký trend sa očakáva aj v najbližšej budúcnosti. Využívanie geomarketingu. Spoločné schránky - prekážka mailingu. 
610 2 0 |a propagácia 
610 2 0 |a reklama 
610 2 0 |a direct mailing 
610 2 0 |a Slovensko 
100 1 |a Môciková, Renata